| 000 | 00477nam a2200181Ia 4500 | ||
|---|---|---|---|
| 005 | 20250326130101.0 | ||
| 008 | 250326s9999 xx 000 0 und d | ||
| 037 | _aTextbook | ||
| 040 |
_aFMSL _beng _cFMSL |
||
| 041 |
_aeng _2eng |
||
| 084 |
_aX L5 _qFMSL |
||
| 100 | _aMishra R P | ||
| 245 | 0 |
_aRegional of economic planning _cMishra R P |
|
| 260 |
_aNew Delhi _bNew Delhi, Chaitanya _c1975 |
||
| 300 | _a551p | ||
| 942 |
_cTB _hX L5 |
||
| 999 |
_c1280841 _d1280841 |
||